Electronic instruments and measurement techniques
The book is divided into three parts. Part 1: Fundamentals; Part 2: General purpose instruments; Part 3: Application areas and special instruments.
Guardat en:
| Autor principal: | |
|---|---|
| Format: | Llibre |
| Idioma: | Undetermined |
| Publicat: |
New York
Cambridge University Press
1987
|
| Matèries: | |
| Etiquetes: |
Afegir etiqueta
Sense etiquetes, Sigues el primer a etiquetar aquest registre!
|
| Thư viện lưu trữ: | Trung tâm Học liệu Trường Đại học Cần Thơ |
|---|
| LEADER | 00696nam a2200193Ia 4500 | ||
|---|---|---|---|
| 001 | CTU_219374 | ||
| 008 | 210402s9999 xx 000 0 und d | ||
| 082 | |a 621.381 | ||
| 082 | |b M475 | ||
| 100 | |a Mazda, F. F. | ||
| 245 | 0 | |a Electronic instruments and measurement techniques | |
| 245 | 0 | |c F. F. Mazda | |
| 260 | |a New York | ||
| 260 | |b Cambridge University Press | ||
| 260 | |c 1987 | ||
| 520 | |a The book is divided into three parts. Part 1: Fundamentals; Part 2: General purpose instruments; Part 3: Application areas and special instruments. | ||
| 650 | |a Electronic instruments,Dụng cụ điện tử | ||
| 904 | |i Hải | ||
| 980 | |a Trung tâm Học liệu Trường Đại học Cần Thơ | ||